Statistics for Famous Mcs and Macs Quiz

Click here to take the quiz!

General Stats

  • This quiz has been taken 27,564 times
    (10,181 since last reset)
  • The average score is 11 of 20

Answer Stats

Answer Clue % Correct
Fast food restaurantMcDonald's
100%
Shakespeare's "Scottish Play"MacBeth
94%
"Back to the Future" protagonistMarty McFly
80%
Beatles memberPaul McCartney
79%
Apple computerMacintosh
71%
Maverick politician who ran
against Obama in 2008
John McCain
65%
Opinionated tennis player ranked
#1 in the early 1980s
John McEnroe
54%
The genuine articleThe Real {McCoy}
53%
Actor who starred in "Trainspotting"
and "Moulin Rouge!"
Ewan McGregor
52%
1950s senator who led
anti-communist witch hunts
Joseph McCarthy
51%
WWII and Korean War generalDouglas MacArthur
51%
Knighted actor who starred
as Gandalf
Ian McKellen
50%
Former name of DenaliMount McKinley
46%
Country singer married to Faith HillTim McGraw
42%
British Formula One teamMcLaren
39%
Australian supermodel
called "The Body"
Elle Macpherson
38%
Oklahoma City bomberTimothy McVeigh
38%
"Die Hard" protagonistJohn McClane
36%
Montreal universityMcGill
24%
Bridge between Michigan's
two peninsulas
Mackinac Bridge
22%

Score Distribution

Percentile by Number Answered

Percent of People with Each Score

Your Score History

You have not taken this quiz since the last reset